[Event "Oslo Nordstrand op"]
[Site "Oslo"]
[Date "2017.04.23"]
[Round "4"]
[White "Store, Trond"]
[Black "Lund, Elin Teresa Stensru"]
[Result "1-0"]
[WhiteElo "2084"]
[BlackElo "1868"]
[PlyCount "99"]
[EventDate "2017.04.21"]
[EventType "swiss"]
[EventRounds "5"]
[EventCountry "NOR"]
[SourceTitle "CBM 178 Extra"]
[Source "ChessBase"]
[SourceDate "2017.06.22"]
[SourceVersion "1"]
[SourceVersionDate "2017.06.22"]
[SourceQuality "1"]

1. d4 e6 2. g3 f5 3. Bg2 Nf6 4. Nf3 Bb4+ 5. c3 Be7 6. 0-0 0-0 7. Qb3 d5 8. Bf4 c6 9. Ne5 Qb6 10. Qc2 Na6 11. b4 Nxb4 12. cxb4 Qxd4 13. a3 g5 14. Nf3 Qe4 15. Qxe4 Nxe4 16. Be5 a5 17. bxa5 Rxa5 18. Nd4 Bd7 19. Nb3 Ra6 20. Rc1 b6 21. e3 Nc5 22. Nxc5 Bxc5 23. Bf1 Ra5 24. Nc3 Ra7 25. a4 Rfa8 26. Rab1 Bc8 27. Bd4 Bxd4 28. exd4 c5 29. dxc5 bxc5 30. Nb5 Rxa4 31. Rxc5 Bd7 32. Rc7 Bxb5 33. Rxb5 R4a7 34. Rc6 Kf7 35. Bd3 h6 36. Kg2 Re7 37. Rd6 Ra3 38. Be2 g4 39. Rbb6 Ra2 40. Ba6 Rc7 41. Rxe6 Rcc2 42. Rf6+ Ke7 43. Rxf5 d4 44. Rxh6 Rc3 45. Rf4 d3 46. Bxd3 Rxd3 47. Rxg4 Rd1 48. Rg7+ Kf8 49. Rb7 Kg8 50. Rg6+ 1-0

[Event "Oslo Nordstrand op"]
[Site "Oslo"]
[Date "2017.04.22"]
[Round "2"]
[White "Unneland, Mathias"]
[Black "Lund, Elin Teresa Stensru"]
[Result "0-1"]
[WhiteElo "1788"]
[BlackElo "1868"]
[PlyCount "58"]
[EventDate "2017.04.21"]
[EventType "swiss"]
[EventRounds "5"]
[EventCountry "NOR"]
[SourceTitle "CBM 178 Extra"]
[Source "ChessBase"]
[SourceDate "2017.06.22"]
[SourceVersion "1"]
[SourceVersionDate "2017.06.22"]
[SourceQuality "1"]

1. e4 c5 2. Nf3 a6 3. a4 Nc6 4. Bc4 Nf6 5. Nc3 e6 6. 0-0 d5 7. exd5 exd5 8. Re1+ Be7 9. Be2 d4 10. Nb1 0-0 11. d3 Nd5 12. c4 Nc7 13. Nbd2 f5 14. Bf1 Bd6 15. g3 Ne6 16. Bg2 Qc7 17. Rxe6 Bxe6 18. Ng5 Nd8 19. Nxe6 Nxe6 20. Bd5 Rae8 21. Qf3 Kh8 22. Nb3 f4 23. g4 Ng5 24. Qd1 Qe7 25. Bd2 Nh3+ 26. Kf1 Nxf2 27. Qf3 Nxd3 28. Qxd3 Qh4 29. Qf3 Re3 0-1